Ambedkar speaks: 301 seminal speeches (Record no. 8283)

MARC details
000 -LEADER
fixed length control field 00588nam a2200157Ia 4500
020 ## - INTERNATIONAL STANDARD BOOK NUMBER
ISBN 9789322008154
082 ## - DEWEY DECIMAL CLASSIFICATION NUMBER
Classification number RR 923.254 AM;
245 #0 - TITLE STATEMENT
Title Ambedkar speaks: 301 seminal speeches
260 ## - PUBLICATION, DISTRIBUTION, ETC. (IMPRINT)
Place of publication New Delhi
Name of publisher Konark Publishers
Year of publication 2013
500 ## - GENERAL NOTE
General note contents: 3 vols. vol 1 (autobiographical, social and guidance to followers), (616p.) - v.2. (economics, religion and law and constitution), (594 p.) - v.3 (political speeches), (420p.)
650 ## - SUBJECT ADDED ENTRY--TOPICAL TERM
Topical Term AMBEDKAR, B.R.(1891-1956)
650 ## - SUBJECT ADDED ENTRY--TOPICAL TERM
Topical Term DALITS
650 ## - SUBJECT ADDED ENTRY--TOPICAL TERM
Topical Term CONSTITUTIONAL LAW : INDIA
700 ## - ADDED ENTRY--PERSONAL NAME
Personal name Jadhav, Narendra
942 ## - ADDED ENTRY ELEMENTS (KOHA)
Koha item type Books
Source of classification or shelving scheme Dewey Decimal Classification
Holdings
Withdrawn status Lost status Damaged status Not for loan Home library Current library Date acquired Source of acquisition Serial Enumeration / chronology Bill Date Full call number Accession Number Price effective from Koha item type
        NASSDOC Library NASSDOC Library 31/03/2014 NB V.1 2014-03-12 RR 923.254 AM; 48403 18/04/2019 Books
        NASSDOC Library NASSDOC Library 31/03/2014 NB V.2 2014-03-12 RR 923.254 AM; 48404 18/04/2019 Books
        NASSDOC Library NASSDOC Library 31/03/2014 NB V.3 2014-03-12 RR 923.254 AM; 48405 18/04/2019 Books